Southville International School and Colleges
Your cart is empty.
  • Cart
  • Lists
    Public lists Eva Luna New books Lux_list list_1
    Your lists Log in to create your own lists
  • Log in to your account
  • Your cookies
  • Search history
Southville International School and Colleges
  • Advanced search
  • Recent comments
  • Most popular
  • Libraries

Log in to your account

Log in with GOOGLE


If you do not have an external account, but do have a local account, you can still log in:

  1. Home
  2. MARC view: Street skating :
Normal view MARC view ISBD view

Street skating : (Record no. 9250)

[ view plain ]
MARC details
000 -LEADER
fixed length control field 00722cam a22002174a 4500
003 - CONTROL NUMBER IDENTIFIER
control field OSt
005 - DATE AND TIME OF LATEST TRANSACTION
control field 20140310182104.0
008 - FIXED-LENGTH DATA ELEMENTS--GENERAL INFORMATION
fixed length control field 040127s2005 mnua j b 001 0 eng
020 ## - INTERNATIONAL STANDARD BOOK NUMBER
International Standard Book Number 0736827064 (hardcover)
050 00 - LIBRARY OF CONGRESS CALL NUMBER
Classification number GV 859.8
Item number .Sa275 2005
082 00 - DEWEY DECIMAL CLASSIFICATION NUMBER
Classification number HS 796.22
Item number Sa9 2005
100 1# - MAIN ENTRY--PERSONAL NAME
Personal name Savage, Jeff,
Dates associated with a name 1961-
9 (RLIN) 12947
245 10 - TITLE STATEMENT
Title Street skating :
Remainder of title grinds and grabs /
Statement of responsibility, etc Jeff Savage
260 ## - PUBLICATION, DISTRIBUTION, ETC. (IMPRINT)
Place of publication, distribution, etc Mankato, Minn. :
Name of publisher, distributor, etc Capstone Press,
Date of publication, distribution, etc c2005.
300 ## - PHYSICAL DESCRIPTION
Extent 32 p. :
Other physical details col. ill. ;
Dimensions 24 cm.
440 #0 - SERIES STATEMENT/ADDED ENTRY--TITLE
Title Edge Books, skateboarding
9 (RLIN) 12931
650 #0 - SUBJECT ADDED ENTRY--TOPICAL TERM
Topical term or geographic name as entry element Skateboarding
Form subdivision Juvenile literature.
9 (RLIN) 12948
856 41 - ELECTRONIC LOCATION AND ACCESS
Materials specified Table of contents
Uniform Resource Identifier <a href="http://www.loc.gov/catdir/toc/ecip0413/2004001730.html">http://www.loc.gov/catdir/toc/ecip0413/2004001730.html</a>
942 ## - ADDED ENTRY ELEMENTS (KOHA)
Koha item type
Source of classification or shelving scheme Library of Congress Classification
Holdings
Withdrawn status Lost status Source of classification or shelving scheme Damaged status Home library Current library Shelving location Date acquired Total Checkouts Full call number Barcode Date last seen Copy number Price effective from Koha item type
    Library of Congress Classification   Luxembourg Library Luxembourg Library High School Section 08/24/2013   GV 859.8 .Sa275 2005 17254 08/24/2013 1 08/24/2013 Books

Street skating :

APA

Savage J., . (2005). Street skating. Mankato, Minn: Capstone Press.

Chicago

Savage Jeff, . 2005. Street skating. Mankato, Minn: Capstone Press.

Harvard

Savage J., . (2005). Street skating. Mankato, Minn: Capstone Press.

MLA

Savage Jeff, . Street skating. Mankato, Minn: Capstone Press. 2005.

  • Place hold
  • Print
  • Cite
  • Add to your cart (remove)
  • Save record
    BIBTEX Dublin Core MARCXML MARC (non-Unicode/MARC-8) MARC (Unicode/UTF-8) MARC (Unicode/UTF-8, Standard) MODS (XML) RIS
  • More searches
    Search for this title in:
    Other Libraries (WorldCat) Other Databases (Google Scholar) Online Stores (Bookfinder.com) Open Library (openlibrary.org)

Exporting to Dublin Core...

SOUTHVILLE LIBRARY

Southville International School and Colleges Library

1281 Tropical Ave. Cor. Luxembourg St., BF Homes International, Las Pinas City

Tel. No. 8256374 / 252358 Loc. 117/146

Powered by Koha